No.1 Football Goalkeepers - Statistics

General Stats
  • This quiz has been taken 130 times
  • The average score is 16 of 30
Answer Stats
National team Time Goalkeeper % Correct
Italy 1997-2016 Gigi Buffon
94%
Germany 2009-2016 Manuel Neuer
93%
France 2008-2016 Hugo Lloris
90%
Spain 2001-2016 Iker Casillas
90%
Denmark 1987-2001 Peter Schmeichel
86%
USA 2002-2016 Tim Howard
86%
Netherlands 1995-2008 Edwin van der Sar
84%
Germany 1995-2006 Oliver Kahn
84%
Czech Republic 2002-2016 Petr Čech
82%
England 1988-2002 David Seaman
79%
France 1994-2006 Fabien Barthez
74%
USSR 1954-1967 Lev Yashin
71%
Chile 2004-2016 Claudio Bravo
64%
Italy 1968-1983 Dino Zoff
61%
England 1963-1972 Gordon Banks
61%
Ireland 1996-2016 Shay Given
53%
England 1970-1990 Peter Shilton
52%
Brazil 1988-1998 Cláudio Taffarel
42%
Paraguay 1989-2003 José Luis Chilavert
42%
Australia 1993-2013 Mark Schwarzer
42%
USA 1992-2005 Brad Friedel
41%
Germany 1966-1979 Sepp Maier
35%
Italy 1985-1992 Walter Zenga
25%
USA 1990-2007 Kasey Keller
21%
Northern Ireland 1964-1986 Pat Jennings
21%
Wales 1982-1997 Neville Southall
20%
Sweden 1981-1997 Thomas Ravelli
16%
Spain 1920-1936 Ricardo Zamora
13%
Cameroon 1976-1994 Thomas Nkono
13%
Brazil 1953-1969 Gilmar
10%
No matching quizzes found
Score Distribution
Percent of People with Each Score
Percentile by Number Answered
Your Score History
You have not taken this quiz